000 00844nam a22003130a 4500
001 PT40015
003 AR-LpoUNG
005 20210131230654.0
008 191001s2005||||ag |||||||||||||||||spa d
020 _a9501273245
_c$15
040 _aAR-LpoUNG
_bspa
_cAR-LpoUNG
_eaacr
041 _aspa
044 _aag
082 0 _aR791.43 958dic
100 1 _aRusso, Eduardo A.
245 1 0 _aDiccionario de cine :
_bestética, crítica, técnica, historia
250 _a1§ edición 3§ reimpresión
260 _aBuenos Aires :
_bPaidós,
_c2005.
300 _a313 p. :
_bil., tbls.
650 4 _aASPECTOS TECNICOS
650 4 _aCINE
650 4 _aDICCIONARIOS
650 4 _aESTETICA
650 4 _aMATERIAL DE REFERENCIA
650 4 _aPELICULAS
651 4 _aDOCUMENTOS TEORICOS O METODOLOGICOS
905 _a40015
942 _cLSALA
999 _c5539
_d5539